Carregant...

Organic farming: Theory and practice /

Dades bibliogràfiques
Autor principal: Palaniappan, S.P
Altres autors: Annadurai, K.
Format: Printed Book
Idioma:English
Publicat: Jodhpur: Scientific Publishers, 2007.
LEADER 00792nam a2200157Ia 4500
008 121027s9999 xx 000 0 eng d
020 |a 8172334893 
082 |a 631.584  |b PAL/O. 
100 |a Palaniappan, S.P. 
245 |a Organic farming: Theory and practice / 
260 |a Jodhpur:  |b Scientific Publishers,  |c 2007. 
300 |a 257 p. 
505 |a 1) Introduction 2) Concepts, Definitions and Components 3) Biological Nitrogen Fixation 4) Weed Management in Organic Farming 5) Crop Residue Management 6) Integrated Nutrient Management towards Sustainable Agriculture 7) Integrated Farming Systems 8) 
700 |a Annadurai, K. 
999 |c 56540  |d 56540 
952 |0 0  |1 0  |4 0  |6 631_584000000000000_PAL_O  |7 0  |9 56518  |a UL  |b UL  |c ST1  |d 2012-10-27  |l 4  |m 1  |o 631.584 PAL/O.  |p 81791  |r 2017-11-16  |s 2017-10-11  |w 2012-10-27  |y BK